000 00813nam a2200241 a 4500
001 BRCA_7993
005 20190320210102.0
008 130314s1971----mx-a###f##---#000-0#spa-#
041 _aspa
044 _amx
050 4 _aNK5205
_b.C933
_c1971
110 2 _aFinanciera Comermex
_919837
245 1 0 _aCristal de granja en México
_ctextos de Teresa Castelló Yturbide ; Marita Martínez del Río de Redo, coordinadora.
260 _aMéxico
_bFinanciera Comermex S.A.
_c1971
300 _a1 v. (sin paginación)
_bil. a color
_c24 cm.
500 _a3033
650 1 4 _aCristal
_vHistoria
_zMéxico
_919838
650 1 4 _aCristalería
_vPiezas únicas
_zMéxico
_919839
700 1 _aCastelló Yturbide, Teresa
_92444
700 1 _aMartínez del Río de Redo, Marita
_ecoord.
_92571
902 _aGFM
942 _2lcc
_cB
999 _c7662
_d7662